رحلات عصفور و عصفورة في مهبط الوحي و أرض الرسالة : (رقم التسجيلة. 61432)

تفاصيل مارك
000 -LEADER
fixed length control field 00608nam a22001697a 4500
005 - DATE AND TIME OF LATEST TRANSACTION
control field 20251108171738.0
008 - FIXED-LENGTH DATA ELEMENTS--GENERAL INFORMATION
fixed length control field 250721s9999 xx 000 0 ara d
082 14 - DEWEY DECIMAL CLASSIFICATION NUMBER
Classification number ط/910.4/محم
100 1# - MAIN ENTRY--PERSONAL NAME
Personal name السعداوي، محمد حمزة
245 10 - TITLE STATEMENT
Title رحلات عصفور و عصفورة في مهبط الوحي و أرض الرسالة :
Remainder of title الي ثالث الحرمين /
264 1# - PRODUCTION, PUBLICATION, DISTRIBUTION, MANUFACTURE, AND COPYRIGHT NOTICE
Place of production, publication, distribution, manufacture بيروت :
Name of producer, publisher, distributor, manufacturer دار الكتاب اللبناني،
Date of production, publication, distribution, manufacture, or copyright notice [19-].
300 ## - PHYSICAL DESCRIPTION
Extent 15ص
490 0# - SERIES STATEMENT
Series statement الرحلات التاريخية و الإسلامية
650 17 - SUBJECT ADDED ENTRY--TOPICAL TERM
Topical term or geographic name as entry element رحلات
942 ## - ADDED ENTRY ELEMENTS (KOHA)
Source of classification or shelving scheme Dewey Decimal Classification
Koha item type كتب
المقتنيات
حالة السحب حالة الفقدان مصدر التصنيف حالة التلف غير قابل للإعارة المكتبة الرئيسية المكتبة الحالية موقع الرف تاريخ التزويد الرقم المتسلسل Total Checkouts رقم الإستدعاء الباركود تاريخ آخر ظهور تاريخ الفاتورة نوع المادة (كوها)
    Dewey Decimal Classification     مكتبة النصر العامة مكتبة النصر العامة الأطفال 23/04/2015 [ 944 ]   ط/910.4/محم PLD00385651 28/07/2025 23/04/2015 كتب
    Dewey Decimal Classification     مكتبة النصر العامة مكتبة النصر العامة الإعارة 23/04/2015 [ 949 ]]   ط/910.4/محم PLD00385654 28/07/2025 23/04/2015 كتب
    Dewey Decimal Classification     مكتبة النصر العامة مكتبة النصر العامة الأطفال 23/04/2015 497184   ط/910.4/محم PLD00385667 28/07/2025 23/04/2015 كتب
    Dewey Decimal Classification     مكتبة صويلح العامة مكتبة صويلح العامة الأطفال 26/07/2019 001201   ط/910.4/محم PLD00459623 28/07/2025 26/07/2019 كتب
    Dewey Decimal Classification     مكتبة صويلح العامة مكتبة صويلح العامة الأطفال 26/07/2019 001198   ط/910.4/محم PLD00459631 28/07/2025 26/07/2019 كتب
Implemented & Customized by: BBB with SCIT (Smart Chains for Information Technology)

Powered by Koha